Использование графитового электрода модифицированного висмутом для определения палладия методом инверсионной вольтамперометрии; Химия и химическая технология в XXI веке

Detalhes bibliográficos
Parent link:Химия и химическая технология в XXI веке.— 2018.— [С. 294-295]
Autor principal: Сабитова Ж.
Autor Corporativo: Национальный исследовательский Томский политехнический университет Инженерная школа природных ресурсов Отделение химической инженерии
Outros Autores: Колпакова Н. А. Нина Александровна (научный руководитель)
Resumo:Заглавие с экрана
Idioma:russo
Publicado em: 2018
Colecção:Теоретические и прикладные аспекты физической и аналитической химии
Assuntos:
Acesso em linha:http://earchive.tpu.ru/handle/11683/49757
Formato: MixedMaterials Recurso Electrónico Capítulo de Livro
KOHA link:https://koha.lib.tpu.ru/cgi-bin/koha/opac-detail.pl?biblionumber=626914

MARC

LEADER 00000naa2a2200000 4500
001 626914
005 20231101133432.0
035 |a (RuTPU)RU\TPU\conf\26587 
035 |a RU\TPU\conf\26564 
090 |a 626914 
100 |a 20180808d2018 k y0rusy50 ca 
101 0 |a rus 
102 |a RU 
105 |a y z 101zy 
135 |a drcn ---uucaa 
181 0 |a i  
182 0 |a b 
200 1 |a Использование графитового электрода модифицированного висмутом для определения палладия методом инверсионной вольтамперометрии  |f Ж. Сабитова  |g науч. рук. Н. А. Колпакова 
203 |a Текст  |c электронный 
225 1 |a Теоретические и прикладные аспекты физической и аналитической химии 
230 |a 1 компьютерный файл (pdf; 1 155 Kb) 
300 |a Заглавие с экрана 
320 |a [Библиогр.: с. 295 (1 назв.)] 
463 0 |0 (RuTPU)RU\TPU\conf\26227  |t Химия и химическая технология в XXI веке  |o материалы XIX Международной научно-практической конференции студентов и молодых ученых имени профессора Л. П. Кулёва, 21-24 мая 2018 г., г. Томск  |f Национальный исследовательский Томский политехнический университет  |v [С. 294-295]  |d 2018 
610 1 |a электронный ресурс 
610 1 |a труды учёных ТПУ 
610 1 |a графитовые электроды 
610 1 |a висмут 
610 1 |a палладий 
610 1 |a инверсионная вольтамперометрия 
610 1 |a электроокисление 
700 1 |a Сабитова  |b Ж. 
702 1 |a Колпакова  |b Н. А.  |c химик  |c девичья фамилия Полукарова  |c профессор Томского политехнического университета, доктор химических наук  |c Почетный химик России (1996 г.)  |f 1942-  |g Нина Александровна  |2 stltpush  |4 727 
712 0 2 |a Национальный исследовательский Томский политехнический университет  |b Инженерная школа природных ресурсов  |b Отделение химической инженерии  |h 8085  |2 stltpush  |3 (RuTPU)RU\TPU\col\23513 
801 2 |a RU  |b 63413507  |c 20180821  |g RCR 
856 4 |u http://earchive.tpu.ru/handle/11683/49757 
942 |c BK